000 00901nam a2200289 i 4500
001 000030595
003 DO-SdBNP
005 20251124091421.0
007 ta
008 110524s1980 dr a 000 f spa d
040 _aDO-SdBNP
_bspa
_cBNPHU
_erda
041 _hspa
082 4 _aBNPHU PD RD863.44
_bV145te
_222
100 1 _aValdez, Diógenes,
_d1941-
_eautor
_4aut.
_920511
245 1 3 _aLa telaraña :
_bNovela /
_cDiógenes Valdez.
264 1 _aSanto Domingo :
_bEdiciones de Taller,
_c1980.
300 _a111 páginas :
_bilustraciones ;
_c20 cm.
336 _atexto
_btxt
_2rdacontent
337 _asin mediación
_bn
_2rda media
338 _avolumen
_bnc
_2rda carrier
490 0 _aBiblioteca taller
_v111
590 _aInventariado, 2020/VM
650 4 _aNovela dominicana
_9223
650 4 _aLiteratura dominicana.
_967
910 _aValidado. Control de calidad MFF
942 _2ddc
_cLBS1
999 _c30087
_d30087